000 00615nam a2200181Ia 4500
008 090630s9999 xx 000 0 und d
082 _b21404
100 _aएडंबवार नानाभाऊ.
245 _aसाग लागवड.
_cएडंबवार नानाभाऊ.
260 _bकॉन्टीनेंटल.
_c1998
300 _a327
600 _aएडंबवार नानाभाऊ.
630 _aसाग लागवड.
655 _aइतर.
700 _aएडंबवार नानाभाऊ.
730 _aसाग लागवड.
942 _cBOOK
999 _c273260
_d273260